THE MERRY ADVENTURE OF ROBINHOOD (Record no. 374109)

MARC details
000 -LEADER
fixed length control field 00406nam a2200157Ia 4500
008 - FIXED-LENGTH DATA ELEMENTS--GENERAL INFORMATION
fixed length control field 100122s9999 xx 000 0 und d
082 ## - DEWEY DECIMAL CLASSIFICATION NUMBER
Item number 46698
Classification number BM823
100 ## - MAIN ENTRY--PERSONAL NAME
Personal name PYLE HOWARD
245 ## - TITLE STATEMENT
Title THE MERRY ADVENTURE OF ROBINHOOD
250 ## - EDITION STATEMENT
Edition statement 0
260 ## - PUBLICATION, DISTRIBUTION, ETC. (IMPRINT)
Name of publisher, distributor, etc MOBY BOOKS
Date of publication, distribution, etc 1979
300 ## - PHYSICAL DESCRIPTION
Extent 238
630 ## - SUBJECT ADDED ENTRY--UNIFORM TITLE
Uniform title THE MERRY ADVENTURE OF ROBINHOOD
730 ## - ADDED ENTRY--UNIFORM TITLE
Uniform title THE MERRY ADVENTURE OF ROBINHOOD
942 ## - ADDED ENTRY ELEMENTS (KOHA)
Koha item type Book
Holdings
Withdrawn status Lost status Damaged status Not for loan Home library Current library Date acquired Cost, normal purchase price Total Checkouts Full call number Barcode Date last seen Cost, replacement price Price effective from Koha item type Public note
        S.V. Pathak Library, Vile Parle S.V. Pathak Library, Vile Parle 06/17/1992 10.00   46698 SVPPARLE-46698 01/25/2010 10.00 01/25/2010 Book ", , General, NA"